| 000 | 00491nam a22001817a 4500 | ||
|---|---|---|---|
| 005 | 20190109143143.0 | ||
| 008 | 160113b xxu||||| |||| 00| 0 spa d | ||
| 041 | _aEspañol | ||
| 082 | _a070.573 F363e | ||
| 100 |
_aFernández, María Amor _9539 |
||
| 245 | _aeBooks : creación y diseño de libros electrónicos | ||
| 260 |
_aMéxico _bAlfaomega _c2013 |
||
| 300 | _a192 páginas | ||
| 650 |
_aLIBROS ELECTRONICOS _9540 |
||
| 650 |
_aDISEÑO _9541 |
||
| 650 |
_aeBOOKS _9542 |
||
| 942 | _cBK | ||
| 999 |
_c7342 _d7342 |
||